[Event "Titled Tuesday intern op 30th Apr Early"]
[Site "Chess.com INT"]
[Date "2024.04.30"]
[Round "1"]
[White "Pranav, V."]
[Black "Collins, Adam"]
[Result "0-1"]
[WhiteElo "2604"]
[BlackElo "2176"]
[PlyCount "66"]
[EventDate "2024.04.30"]
[EventType "swiss (blitz)"]
[EventRounds "11"]
[EventCountry "USA"]
[SourceTitle "CB19_2024"]
[SourceDate "2024.05.08"]
[SourceVersion "1"]
[SourceVersionDate "2024.05.08"]
[SourceQuality "1"]

1. e4 a6 2. d4 b5 3. Nf3 Bb7 4. Bd3 e6 5. 0-0 c5 6. c3 Nf6 7. Re1 Be7 8. a4 c4 9. Bc2 d6 10. Na3 Nbd7 11. Bg5 Qb6 12. h3 0-0 13. e5 dxe5 14. dxe5 Bxf3 15. Qxf3 Nd5 16. Bxe7 Nxe7 17. axb5 axb5 18. Qe4 Ng6 19. Nxc4 Qb8 20. Rxa8 Qxa8 21. Nd6 Qxe4 22. Bxe4 Ngxe5 23. Nxb5 Rb8 24. Nd4 Rxb2 25. f4 Ng6 26. f5 exf5 27. Bxf5 Nf6 28. Ra1 Rb8 29. Ra7 Ne5 30. Re7 Nc4 31. Rc7 Nd6 32. Bd3 Rc8 33. Rd7 Nxd7 0-1

[Event "Titled Tuesday intern op 30th Apr Early"]
[Site "Chess.com INT"]
[Date "2024.04.30"]
[Round "7"]
[White "Pranav, V."]
[Black "Klukin, Kirill"]
[Result "1-0"]
[WhiteElo "2604"]
[BlackElo "2413"]
[PlyCount "115"]
[EventDate "2024.04.30"]
[EventType "swiss (blitz)"]
[EventRounds "11"]
[EventCountry "USA"]
[SourceTitle "CB19_2024"]
[SourceDate "2024.05.08"]
[SourceVersion "1"]
[SourceVersionDate "2024.05.08"]
[SourceQuality "1"]

1. e4 e6 2. d3 d5 3. Nd2 Nf6 4. Ngf3 Be7 5. g3 a5 6. Bg2 a4 7. a3 h6 8. 0-0 0-0 9. Re1 c5 10. e5 Nh7 11. Nf1 Nc6 12. h4 b5 13. N1h2 b4 14. Ng4 bxa3 15. bxa3 Bb7 16. Bd2 Nd4 17. Nxd4 cxd4 18. Nh2 Qc7 19. Qg4 Kh8 20. Qxd4 Qxc2 21. Bb4 Bxb4 22. Qxb4 Ba6 23. Bf1 Rfb8 24. Qf4 Qc7 25. Nf3 Nf8 26. Rec1 Qa7 27. Qxa4 Nd7 28. Qf4 Nc5 29. Nd4 Rb2 30. Qe3 Nb3 31. Nxb3 Qxe3 32. fxe3 Rxb3 33. Rcb1 Rc3 34. Rc1 Rb3 35. Rd1 Bb5 36. Rdb1 Raxa3 37. Rxa3 Rxb1 38. Kf2 h5 39. Be2 g6 40. Kf3 Kg7 41. Ra5 Bc6 42. d4 Rb2 43. Rc5 Bb7 44. Rc7 Rb6 45. Bd1 Bc6 46. Be2 Bb5 47. Bd1 Bc6 48. Bc2 Bb5 49. Kf4 Be8 50. Kg5 Bb5 51. Bxg6 Be8 52. Bxh5 Rb3 53. Kf4 Rb1 54. Bg4 Bb5 55. Bxe6 Rf1+ 56. Kg5 Bd3 57. g4 Kf8 58. Bxd5 1-0

[Event "Titled Tuesday intern op 30th Apr Early"]
[Site "Chess.com INT"]
[Date "2024.04.30"]
[Round "9"]
[White "Pranav, V."]
[Black "Sarana, Alexey"]
[Result "0-1"]
[WhiteElo "2604"]
[BlackElo "2703"]
[PlyCount "54"]
[EventDate "2024.04.30"]
[EventType "swiss (blitz)"]
[EventRounds "11"]
[EventCountry "USA"]
[SourceTitle "CB19_2024"]
[SourceDate "2024.05.08"]
[SourceVersion "1"]
[SourceVersionDate "2024.05.08"]
[SourceQuality "1"]

1. e4 c5 2. Nf3 d6 3. d4 cxd4 4. Nxd4 Nf6 5. Nc3 a6 6. Bg5 e6 7. Qf3 Nbd7 8. 0-0-0 Qc7 9. g4 b5 10. a3 Rb8 11. Qe2 b4 12. axb4 Rxb4 13. f4 Be7 14. Bg2 h6 15. Bh4 g5 16. fxg5 hxg5 17. Bxg5 Qa5 18. Bxf6 Bxf6 19. Nb3 Qe5 20. Kb1 a5 21. Rd3 a4 22. Nd2 Ba6 23. Ka2 a3 24. Nf3 Rxb2+ 25. Kxa3 Bxd3 26. Nxe5 Bxe2 27. Nxd7 Bxc3 0-1

[Event "Titled Tuesday intern op 23rd Apr Late"]
[Site "Chess.com INT"]
[Date "2024.04.23"]
[Round "6"]
[White "Hernando Rodrigo, Julio Antonio"]
[Black "Pranav, V."]
[Result "0-1"]
[WhiteElo "2229"]
[BlackElo "2604"]
[PlyCount "70"]
[EventDate "2024.04.23"]
[EventType "swiss (blitz)"]
[EventRounds "11"]
[EventCountry "USA"]
[SourceTitle "CB18_2024"]
[SourceDate "2024.05.01"]
[SourceVersion "1"]
[SourceVersionDate "2024.05.01"]
[SourceQuality "2"]

1. d4 Nf6 2. c4 e6 3. Nf3 b6 4. g3 Ba6 5. Nbd2 Bb4 6. Qc2 Bb7 7. Bg2 c5 8. dxc5 bxc5 9. 0-0 Bxd2 10. Bxd2 0-0 11. Rad1 Qb6 12. Bc3 Ne8 13. Ng5 f5 14. Bxb7 Qxb7 15. Qb3 Qc7 16. Qa4 Nc6 17. Qb5 h6 18. Nf3 d6 19. b3 e5 20. Qa4 Nf6 21. Qa3 Rad8 22. Qb2 Qf7 23. Nh4 Qh5 24. f3 Nd4 25. e3 Ne6 26. Qc2 Nh7 27. Rd5 Qf7 28. Rfd1 g5 29. Ng2 Qe7 30. Qd2 g4 31. f4 Nf6 32. fxe5 dxe5 33. Bxe5 Nxd5 34. cxd5 Ng5 35. Qb2 Qxe5 0-1

[Event "Titled Tuesday intern op 23rd Apr Late"]
[Site "Chess.com INT"]
[Date "2024.04.23"]
[Round "9"]
[White "Pranav, V."]
[Black "Margvelashvili, Giorgi"]
[Result "1/2-1/2"]
[WhiteElo "2604"]
[BlackElo "2540"]
[PlyCount "159"]
[EventDate "2024.04.23"]
[EventType "swiss (blitz)"]
[EventRounds "11"]
[EventCountry "USA"]
[SourceTitle "CB18_2024"]
[SourceDate "2024.05.01"]
[SourceVersion "1"]
[SourceVersionDate "2024.05.01"]
[SourceQuality "2"]

1. e4 c6 2. d4 d5 3. e5 Bf5 4. Nf3 e6 5. Be2 Nd7 6. 0-0 Ne7 7. c3 c5 8. dxc5 Nxc5 9. Nd4 a6 10. Nd2 Bg6 11. N2b3 Nf5 12. Nxf5 Bxf5 13. Be3 Nd7 14. f4 Rc8 15. Bd3 Bxd3 16. Qxd3 Bc5 17. Nd4 0-0 18. Rae1 Bxd4 19. Bxd4 Nc5 20. Qh3 Ne4 21. f5 exf5 22. Rxf5 Qd7 23. Ref1 Rc6 24. Qe3 b5 25. h4 Rh6 26. h5 Re6 27. Qh3 h6 28. Qg4 Ng5 29. Be3 Rxe5 30. Bxg5 hxg5 31. Qxg5 Rxf5 32. Rxf5 f6 33. Qg6 Qe6 34. Kh2 Qd6+ 35. Kh1 Qe6 36. Kh2 Qe1 37. Qg4 Qe4 38. Qh3 Re8 39. h6 Re5 40. hxg7 Kxg7 41. Qg3+ Kf7 42. Rf1 Qh7+ 43. Kg1 Qe4 44. Qh3 Qe3+ 45. Qxe3 Rxe3 46. Rd1 Ke6 47. Kf2 Re5 48. Rd3 Re4 49. Rh3 b4 50. cxb4 Rxb4 51. b3 a5 52. Rc3 a4 53. bxa4 Rxa4 54. a3 d4 55. Rb3 Kd5 56. Ke2 Kc4 57. Rf3 Ra6 58. Kd2 Rb6 59. Kc2 Re6 60. Kd2 Rb6 61. Kc2 Ra6 62. Rb3 Re6 63. Rb4+ Kc5 64. Kd2 Re3 65. Ra4 Rg3 66. Ra6 Rxg2+ 67. Kd3 Rg3+ 68. Kd2 f5 69. Ra5+ Kc4 70. Rxf5 Rg2+ 71. Kd1 Kc3 72. Rc5+ Kd3 73. Kc1 Rg1+ 74. Kb2 Ke3 75. Rh5 d3 76. Rh3+ Ke2 77. Rh2+ Ke3 78. Rh3+ Ke4 79. Rh4+ Ke3 80. Rh3+ 1/2-1/2

[Event "Sunway Formentera playoff 2-3"]
[Site "Sant Ferran de ses Roques"]
[Date "2024.04.19"]
[Round "1.2"]
[White "Ivanchuk, Vassily"]
[Black "Pranav, V."]
[Result "1-0"]
[WhiteElo "2611"]
[BlackElo "2604"]
[PlyCount "141"]
[EventDate "2024.04.19"]
[EventType "match (blitz)"]
[EventRounds "2"]
[EventCountry "ESP"]
[SourceTitle "CB17_2024"]
[SourceDate "2024.04.24"]
[SourceVersion "1"]
[SourceVersionDate "2024.04.24"]
[SourceQuality "1"]

1. e4 e5 2. Nf3 Nc6 3. Bb5 a6 4. Ba4 Nge7 5. 0-0 Ng6 6. d4 exd4 7. Nxd4 Bc5 8. Be3 Bxd4 9. Bxd4 Nxd4 10. Qxd4 0-0 11. Bb3 d6 12. Qe3 Re8 13. Nc3 c6 14. Rad1 Qf6 15. Qd4 Qg5 16. Qxd6 Nf4 17. g3 Nh3+ 18. Kg2 Qh5 19. f3 Qg5 20. Qd2 Qf6 21. Qd4 Qh6 22. Qd2 Qh5 23. Ne2 b5 24. g4 Qh4 25. Qe1 Qh6 26. Qd2 Ng5 27. Ng1 a5 28. a3 Qf6 29. Qd4 Qh6 30. Qf2 Qf6 31. Qd4 Qg6 32. h3 h5 33. Rde1 hxg4 34. hxg4 Be6 35. Qd2 a4 36. Bxe6 Nxe6 37. Ne2 Qf6 38. c3 Rad8 39. Qe3 Nf8 40. Rd1 Ng6 41. g5 Qe6 42. Rd4 Qb3 43. Qd2 Rxd4 44. cxd4 Rd8 45. Rf2 c5 46. d5 b4 47. axb4 cxb4 48. Nd4 Qc4 49. Nc6 Re8 50. Qxb4 Qc1 51. Qd2 Qa1 52. Rf1 Qa2 53. Rf2 Qb3 54. Qc3 Qb7 55. Qe3 Qc7 56. f4 Qd7 57. Kg3 Nf8 58. f5 Qd6+ 59. Qf4 Qc5 60. Ne5 a3 61. bxa3 Qxa3+ 62. Nf3 Nd7 63. Re2 Nc5 64. e5 Qa6 65. Re3 Qa2 66. e6 fxe6 67. dxe6 Rf8 68. e7 Re8 69. f6 Qf7 70. fxg7 Qxg7 71. Qc4+ 1-0

[Event "Sunway Formentera op 3rd"]
[Site "Sant Ferran de ses Roques"]
[Date "2024.04.18"]
[Round "9"]
[White "Raja, Rithvik R"]
[Black "Pranav, V."]
[Result "0-1"]
[WhiteElo "2532"]
[BlackElo "2604"]
[PlyCount "74"]
[EventDate "2024.04.09"]
[EventType "swiss"]
[EventRounds "10"]
[EventCountry "ESP"]
[SourceTitle "CB17_2024"]
[SourceDate "2024.04.24"]
[SourceVersion "1"]
[SourceVersionDate "2024.04.24"]
[SourceQuality "1"]

1. d4 Nf6 2. c4 e6 3. Nf3 b6 4. g3 Ba6 5. Nbd2 Bb4 6. Qc2 c5 7. Bg2 Bb7 8. d5 exd5 9. Nh4 Bc6 10. cxd5 Nxd5 11. Nf5 0-0 12. 0-0 Bxd2 13. Bxd2 Ne7 14. Nxe7+ Qxe7 15. e4 d6 16. Rad1 Nd7 17. Bc3 Rfe8 18. Rfe1 Nf8 19. Re3 Rad8 20. Qe2 Qb7 21. Qg4 Ng6 22. h4 Ne5 23. Qf4 f6 24. b3 Qc8 25. h5 h6 26. Qh4 Nf7 27. Qf4 Re7 28. Red3 Qe6 29. R3d2 Red7 30. Qe3 Ng5 31. Re1 Re7 32. Qd3 f5 33. Qf1 Qf7 34. exf5 Rxe1 35. Qxe1 Bxg2 36. Kxg2 Qb7+ 37. f3 Qxf3+ 0-1

[Event "Sunway Formentera op 3rd"]
[Site "Sant Ferran de ses Roques"]
[Date "2024.04.15"]
[Round "6"]
[White "Pranav, V."]
[Black "Ivanchuk, Vassily"]
[Result "0-1"]
[WhiteElo "2604"]
[BlackElo "2611"]
[PlyCount "114"]
[EventDate "2024.04.09"]
[EventType "swiss"]
[EventRounds "10"]
[EventCountry "ESP"]
[SourceTitle "CB17_2024"]
[SourceDate "2024.04.24"]
[SourceVersion "1"]
[SourceVersionDate "2024.04.24"]
[SourceQuality "1"]

1. e4 e5 2. Nf3 Nc6 3. Bb5 Nf6 4. d3 Bc5 5. c3 0-0 6. 0-0 Re8 7. d4 Bb6 8. Re1 exd4 9. Bxc6 dxc6 10. e5 Nd5 11. Nxd4 Qh4 12. h3 Bf5 13. Na3 Rad8 14. Qf3 Bg6 15. Nac2 f6 16. e6 Ne7 17. Bf4 c5 18. Bg3 Qh6 19. Bf4 Qh4 20. Bg3 Qg5 21. Bf4 Qd5 22. Ne3 Qxf3 23. Nxf3 Bd3 24. Rad1 c4 25. b3 g5 26. Ng4 gxf4 27. Nxf6+ Kg7 28. Nxe8+ Rxe8 29. Ne5 Bc2 30. Rd7 cxb3 31. axb3 Bxb3 32. c4 a5 33. c5 Bxc5 34. Rxc7 Bb4 35. Re2 Bd5 36. Rd7 a4 37. Nd3 Bc3 38. Nxf4 Bc6 39. Re3 Bb2 40. Nd3 a3 41. Nxb2 axb2 42. Rd1 Kf6 43. Rb1 Rg8 44. g4 h5 45. f3 Nd5 46. Rb3 Nf4 47. R1xb2 h4 48. Kh2 Ke7 49. Re3 Ra8 50. Reb3 Kxe6 51. Rb4 Ke5 52. R4b3 Ra1 53. Rf2 Rd1 54. Re3+ Kd4 55. Re7 Nd3 56. Rg2 Ne5 57. Rf2 Nxf3+ 0-1

[Event "Menorca op 3rd"]
[Site "Ciutadella de Menorca"]
[Date "2024.04.04"]
[Round "4"]
[White "Pranav, V."]
[Black "Seemann, Jakub"]
[Result "0-1"]
[WhiteElo "2604"]
[BlackElo "2465"]
[PlyCount "84"]
[EventDate "2024.04.02"]
[EventType "swiss"]
[EventRounds "9"]
[EventCountry "ESP"]
[SourceTitle "CB15_2024"]
[SourceDate "2024.04.10"]
[SourceVersion "1"]
[SourceVersionDate "2024.04.10"]
[SourceQuality "1"]

1. e4 c5 2. Nf3 d6 3. d4 cxd4 4. Nxd4 Nf6 5. Nc3 a6 6. h3 e5 7. Nf3 Be7 8. Be3 Qc7 9. g4 h6 10. Rg1 Nbd7 11. a4 Nc5 12. Nd5 Nxd5 13. exd5 Bd7 14. c3 e4 15. Nd4 Bg5 16. Bxg5 hxg5 17. Rg3 0-0 18. a5 Rae8 19. Re3 Re5 20. c4 b5 21. cxb5 axb5 22. Nxb5 Qb8 23. Na3 Qa8 24. Bc4 Qxa5+ 25. Qd2 Qb6 26. b4 Nd3+ 27. Bxd3 exd3 28. Rxe5 dxe5 29. Qxd3 Qxb4+ 30. Kf1 Ra8 31. Kg2 Qb2 32. Rb1 Rxa3 33. Qe4 Re3 34. Qxe3 Qxb1 35. Qxe5 f6 36. Qe7 Bb5 37. Qe6+ Kh7 38. Kh2 Bd3 39. f3 Qc2+ 40. Kg3 Qc1 41. Kf2 Qd2+ 42. Kg3 Bf1 0-1

[Event "La Roda op 50th"]
[Site "La Roda"]
[Date "2024.03.30"]
[Round "7"]
[White "Pranav, V."]
[Black "Bustos Bernardo, Samuel"]
[Result "1-0"]
[WhiteElo "2604"]
[BlackElo "2188"]
[PlyCount "113"]
[EventDate "2024.03.27"]
[EventType "swiss"]
[EventRounds "9"]
[EventCountry "ESP"]
[SourceTitle "CB14_2024"]
[SourceDate "2024.04.01"]
[SourceVersion "1"]
[SourceVersionDate "2024.04.01"]
[SourceQuality "1"]

1. e4 e5 2. Nf3 Nc6 3. Bb5 a6 4. Ba4 Nf6 5. 0-0 Be7 6. d3 b5 7. Bb3 d6 8. c3 Na5 9. Bc2 c5 10. Re1 0-0 11. Nbd2 Nc6 12. Nf1 Re8 13. a4 Bd7 14. h3 h6 15. Ng3 Bf8 16. Nh2 b4 17. Ng4 Be6 18. Nxf6+ Qxf6 19. Nh5 Qh4 20. Qf3 Rad8 21. a5 b3 22. Bd1 Rb8 23. Be2 Be7 24. Ng3 g6 25. Bd2 Bg5 26. Nf1 Bxd2 27. Nxd2 Rf8 28. Nc4 Qd8 29. Ne3 Kg7 30. Qg3 Kh7 31. h4 f5 32. h5 Rg8 33. Qh3 gxh5 34. Bxh5 Qg5 35. exf5 Bd7 36. Bf3 Ne7 37. Be4 Kh8 38. Kf1 d5 39. Nxd5 Nxf5 40. Qh2 Nd6 41. Bf3 Rbe8 42. Qh5 Bc6 43. Qxg5 Rxg5 44. Ne3 e4 45. dxe4 Bxe4 46. Rad1 Bxf3 47. Rxd6 Rxg2 48. Rxh6+ Kg7 49. Nf5+ Kf7 50. Rxe8 Kxe8 51. Nh4 Rh2 52. Re6+ Kd7 53. Nxf3 Rh1+ 54. Kg2 Rc1 55. Rxa6 Rc2 56. Ne5+ Kc7 57. Nc4 1-0

[Event "Titled Tuesday intern op 12th Mar Late"]
[Site "Chess.com INT"]
[Date "2024.03.12"]
[Round "5"]
[White "Anton Guijarro, David"]
[Black "Pranav, V."]
[Result "1-0"]
[WhiteElo "2671"]
[BlackElo "2604"]
[PlyCount "91"]
[EventDate "2024.03.12"]
[EventType "swiss (blitz)"]
[EventRounds "11"]
[EventCountry "USA"]
[SourceTitle "CB12_2024"]
[SourceDate "2023.10.01"]
[SourceVersion "1"]
[SourceVersionDate "2023.10.01"]
[SourceQuality "1"]

1. Nf3 Nf6 2. d4 e6 3. Bg5 h6 4. Bxf6 Qxf6 5. e4 d6 6. Nc3 Qd8 7. a4 b6 8. Bb5+ Bd7 9. d5 e5 10. 0-0 Be7 11. Bxd7+ Nxd7 12. a5 a6 13. Qe2 b5 14. Na2 0-0 15. Nb4 f5 16. Nc6 Qe8 17. exf5 Rxf5 18. b3 Qf7 19. Nfd4 Rf6 20. Ne6 Bf8 21. Nxc7 Rc8 22. Nxa6 Qxd5 23. Nab4 Qc5 24. c4 bxc4 25. Qxc4+ Kh8 26. a6 Nb6 27. Qe2 Rxc6 28. Nxc6 Qxc6 29. Rfc1 Qa8 30. a7 Rf7 31. Ra6 Nd5 32. Qb5 Nf4 33. Qc6 Rb7 34. Qxb7 Qxb7 35. a8Q Qf7 36. Rc8 Ng6 37. b4 Kh7 38. Ra1 Qf5 39. Re1 Be7 40. Rb8 d5 41. Qxd5 Qf6 42. Qe4 Bd6 43. Rc8 h5 44. Rc6 Qe7 45. Rd1 Bxb4 46. Qxg6+ 1-0

[Event "Titled Tuesday intern op 12th Mar Late"]
[Site "Chess.com INT"]
[Date "2024.03.12"]
[Round "11"]
[White "Lazavik, Denis"]
[Black "Pranav, V."]
[Result "1/2-1/2"]
[WhiteElo "2567"]
[BlackElo "2604"]
[PlyCount "175"]
[EventDate "2024.03.12"]
[EventType "swiss (blitz)"]
[EventRounds "11"]
[EventCountry "USA"]
[SourceTitle "CB12_2024"]
[SourceDate "2023.10.01"]
[SourceVersion "1"]
[SourceVersionDate "2023.10.01"]
[SourceQuality "1"]

1. d4 Nf6 2. c4 e6 3. Nf3 b6 4. g3 Bb7 5. Bg2 Be7 6. 0-0 0-0 7. Nc3 Bb4 8. Qc2 Bxc3 9. Qxc3 d6 10. b3 Nbd7 11. Bb2 a5 12. a3 Ra7 13. Rfd1 Ne4 14. Qc2 f5 15. d5 e5 16. Nh4 g6 17. Bxe4 fxe4 18. Qxe4 Nf6 19. Qd3 Bc8 20. f3 Nh5 21. Ng2 Bh3 22. Qe3 Ra8 23. Ne1 Qd7 24. Nd3 Rae8 25. Nf2 Qc8 26. b4 axb4 27. axb4 Bd7 28. c5 bxc5 29. bxc5 Nf6 30. Ba3 dxc5 31. Bxc5 Rf7 32. Rac1 Qa6 33. d6 cxd6 34. Rxd6 Qb5 35. Rdd1 e4 36. f4 Ng4 37. Nxg4 Bxg4 38. Kf2 g5 39. Bd6 h6 40. Rc5 Qb2 41. Re1 Qf6 42. Rd5 Qg6 43. Rd4 Re6 44. Red1 Qh5 45. Kg1 Bxe2 46. R1d2 Bf3 47. Be5 gxf4 48. Bxf4 Kh7 49. Rd7 Ref6 50. Rxf7+ Rxf7 51. Rd6 Qb5 52. Rxh6+ Kg8 53. Rb6 Qc4 54. Rb8+ Rf8 55. Rxf8+ Kxf8 56. Be5 Qc2 57. Qh6+ Ke7 58. Qf6+ Kd7 59. Qd6+ Kc8 60. Qf8+ Kd7 61. Qd6+ Kc8 62. Qf8+ Kd7 63. Qf7+ Kc8 64. Qe8+ Kb7 65. Qb5+ Kc8 66. Qe8+ Kb7 67. Qd7+ Ka6 68. Qd6+ Kb5 69. Qd5+ Ka4 70. Qd4+ Kb3 71. Qb6+ Ka2 72. Qa6+ Kb3 73. Qb5+ Ka2 74. Qd5+ Ka3 75. Bd6+ Ka4 76. Qd4+ Kb5 77. Qd5+ Ka4 78. Qa8+ Kb5 79. Qb7+ Kc4 80. Qc6+ Kd3 81. Qxc2+ Kxc2 82. Kf2 Kd3 83. Bb8 Bg4 84. Ba7 Bh3 85. Bb6 Bg4 86. Ba7 Bh3 87. Bb6 Bg4 88. Ba7 1/2-1/2

[Event "Titled Tuesday intern op 12th Mar Late"]
[Site "Chess.com INT"]
[Date "2024.03.12"]
[Round "4"]
[White "Pranav, V."]
[Black "Baskakov, Egor"]
[Result "1-0"]
[WhiteElo "2604"]
[BlackElo "2215"]
[PlyCount "57"]
[EventDate "2024.03.12"]
[EventType "swiss (blitz)"]
[EventRounds "11"]
[EventCountry "USA"]
[SourceTitle "CB12_2024"]
[SourceDate "2023.10.01"]
[SourceVersion "1"]
[SourceVersionDate "2023.10.01"]
[SourceQuality "1"]

1. e4 c5 2. Nf3 Nf6 3. Nc3 d5 4. Bb5+ Bd7 5. e5 Bxb5 6. exf6 Bc6 7. fxg7 Bxg7 8. 0-0 d4 9. Nb1 0-0 10. d3 e5 11. Re1 Nd7 12. Nbd2 f5 13. c3 Qf6 14. cxd4 cxd4 15. b3 Rae8 16. Ba3 Rf7 17. Nc4 Re6 18. Bb2 Bf8 19. Rc1 Rg7 20. g3 f4 21. Ncd2 fxg3 22. fxg3 Nc5 23. Rf1 Qh6 24. Nc4 Qh3 25. Rc2 Reg6 26. Rff2 Rxg3+ 27. hxg3 Rxg3+ 28. Rg2 Bxf3 29. Qxf3 1-0

[Event "Titled Tuesday intern op 12th Mar Late"]
[Site "Chess.com INT"]
[Date "2024.03.12"]
[Round "7"]
[White "Pranav, V."]
[Black "Suyarov, Mukhammadzokhid"]
[Result "1-0"]
[WhiteElo "2604"]
[BlackElo "2407"]
[PlyCount "173"]
[EventDate "2024.03.12"]
[EventType "swiss (blitz)"]
[EventRounds "11"]
[EventCountry "USA"]
[SourceTitle "CB12_2024"]
[SourceDate "2023.10.01"]
[SourceVersion "1"]
[SourceVersionDate "2023.10.01"]
[SourceQuality "1"]

1. e4 e5 2. Nc3 Nf6 3. Bc4 Nxe4 4. Qh5 Nd6 5. Qxe5+ Qe7 6. Qxe7+ Bxe7 7. Be2 Nf5 8. Nf3 Nc6 9. Nd5 Bd8 10. c3 Nfe7 11. Nf4 0-0 12. d4 d6 13. 0-0 Ng6 14. h3 Re8 15. Bd3 Bd7 16. Bd2 Nce7 17. Rfe1 c6 18. Nh5 Bc7 19. a4 a5 20. Kf1 h6 21. Re2 Bf5 22. Bxf5 Nxf5 23. g4 Nfh4 24. Nxh4 Nxh4 25. Bf4 Rxe2 26. Kxe2 Re8+ 27. Kd3 Bb8 28. c4 Nf3 29. Bxh6 gxh6 30. Nf6+ Kf8 31. Nxe8 Kxe8 32. Ke3 Nh4 33. Ra3 Kd7 34. Rb3 Kc8 35. Ke4 Bc7 36. f4 Ng6 37. f5 Nf8 38. h4 Nh7 39. Kf3 Bd8 40. Kg3 Bf6 41. Rd3 Nf8 42. b3 Kd7 43. Rd1 Nh7 44. d5 c5 45. Rh1 Be5+ 46. Kf3 Bf6 47. Kg3 Ke7 48. Re1+ Kf8 49. Re2 Be5+ 50. Kf3 Kg7 51. Re1 f6 52. Rg1 Nf8 53. g5 hxg5 54. hxg5 fxg5 55. Rxg5+ Kf6 56. Rh5 Kg7 57. Rg5+ Kf6 58. Kg4 Kf7 59. Rh5 Bf6 60. Rh1 Nd7 61. Rh7+ Bg7 62. Rh1 Nf6+ 63. Kg5 Ne4+ 64. Kf4 Nf6 65. Kg5 Ne4+ 66. Kf4 Nf6 67. Re1 Nd7 68. Re6 Be5+ 69. Kg5 Nf8 70. Rh6 Bg7 71. Rxd6 Be5 72. Rb6 Nd7 73. Rxb7 Ke7 74. Kg6 Kd6 75. Kf7 Bc3 76. Ra7 Ne5+ 77. Ke8 Ng4 78. Ra6+ Ke5 79. d6 Nf6+ 80. Kd8 Kxf5 81. d7 Nxd7 82. Kxd7 Ke4 83. Kc6 Bb4 84. Kb5 Kd3 85. Rxa5 Kc3 86. Ra6 Kxb3 87. Rc6 1-0

[Event "Titled Tuesday intern op 27th Feb Late"]
[Site "Chess.com INT"]
[Date "2024.02.27"]
[Round "10"]
[White "Pranav, V."]
[Black "Nasuta, Grzegorz"]
[Result "1-0"]
[WhiteElo "2611"]
[BlackElo "2558"]
[PlyCount "117"]
[EventDate "2024.02.27"]
[EventType "swiss (blitz)"]
[EventRounds "11"]
[EventCountry "USA"]
[SourceTitle "CB10_2024"]
[SourceDate "2024.03.06"]
[SourceVersion "1"]
[SourceVersionDate "2024.03.06"]
[SourceQuality "1"]

1. d4 d5 2. Nc3 Nf6 3. Bf4 a6 4. e3 Bf5 5. Nf3 e6 6. Ne5 h6 7. Bd3 Bxd3 8. cxd3 Nbd7 9. 0-0 Be7 10. Rc1 c5 11. dxc5 Nxc5 12. d4 Nce4 13. Nxe4 Nxe4 14. Qb3 Nd6 15. Nd3 0-0 16. Bxd6 Qxd6 17. Qxb7 Rfb8 18. Qc6 Qd8 19. g3 a5 20. Qa4 h5 21. Rc2 h4 22. Rfc1 Bd6 23. Rc6 Qe7 24. R1c3 Rd8 25. Qc2 Qg5 26. Rc8 hxg3 27. hxg3 Bxg3 28. Rxd8+ Rxd8 29. fxg3 Qxg3+ 30. Qg2 Qxe3+ 31. Qf2 Qg5+ 32. Kf1 f6 33. Nc5 Qg4 34. Rg3 Qd1+ 35. Kg2 Kf7 36. Qe3 Qc2+ 37. Kf1 Qb1+ 38. Kf2 Qxb2+ 39. Kf3 e5 40. dxe5 Qxe5 41. Qxe5 fxe5 42. Rxg7+ Kf6 43. Ra7 Rh8 44. Rxa5 Rh3+ 45. Ke2 Rh2+ 46. Ke3 Rh3+ 47. Kd2 e4 48. Nb3 Ke5 49. Ra8 Rh2+ 50. Kc3 Rh3+ 51. Kb4 Rh1 52. Re8+ Kf4 53. a4 Ke3 54. a5 d4 55. a6 Rh7 56. Nc5 d3 57. Rxe4+ Kd2 58. Rd4 Kc2 59. Rxd3 1-0

[Event "Titled Tuesday intern op 13th Feb Late"]
[Site "Chess.com INT"]
[Date "2024.02.13"]
[Round "11"]
[White "Liascovich, Lucas"]
[Black "Pranav, V."]
[Result "1-0"]
[WhiteElo "2413"]
[BlackElo "2611"]
[PlyCount "85"]
[EventDate "2024.02.13"]
[EventType "swiss (blitz)"]
[EventRounds "11"]
[EventCountry "USA"]
[SourceTitle "CB08_2024"]
[SourceDate "2024.02.21"]
[SourceVersion "1"]
[SourceVersionDate "2024.02.21"]
[SourceQuality "1"]

1. d4 Nf6 2. Nf3 e6 3. e3 b6 4. Bd3 Bb7 5. 0-0 c5 6. b3 Be7 7. Bb2 0-0 8. Nbd2 d6 9. Qe2 Nc6 10. a3 Rc8 11. Rad1 Qc7 12. dxc5 bxc5 13. e4 Nd7 14. Nc4 Rfe8 15. Rfe1 Bf8 16. h4 d5 17. Ne3 d4 18. Ng4 Bd6 19. e5 Bf8 20. Bc1 Ne7 21. Bf4 Nd5 22. Bg3 Nc3 23. Qd2 Bxf3 24. gxf3 Nxd1 25. Rxd1 h5 26. Nf6+ Nxf6 27. exf6 Qd8 28. fxg7 Bxg7 29. Qe1 Bf6 30. Qe4 Kf8 31. Re1 Qd5 32. Qh7 Ke7 33. Bc4 Rh8 34. Qxh8 Rxh8 35. Bxd5 Rg8 36. Kh2 Kd7 37. Bc4 Re8 38. a4 Rg8 39. Re4 Bd8 40. Re5 Be7 41. Rxh5 Rg7 42. Re5 f6 43. Rxe6 1-0

[Event "Titled Tuesday intern op 13th Feb Early"]
[Site "Chess.com INT"]
[Date "2024.02.13"]
[Round "2"]
[White "Pranav, V."]
[Black "Parpiev, Isaak"]
[Result "1/2-1/2"]
[WhiteElo "2611"]
[BlackElo "2285"]
[PlyCount "148"]
[EventDate "2024.02.13"]
[EventType "swiss (blitz)"]
[EventRounds "11"]
[EventCountry "USA"]
[SourceTitle "CB08_2024"]
[SourceDate "2024.02.21"]
[SourceVersion "1"]
[SourceVersionDate "2024.02.21"]
[SourceQuality "1"]

1. e4 e5 2. Nf3 Nc6 3. Bb5 a6 4. Ba4 Bc5 5. 0-0 d6 6. c3 Bg4 7. h3 Bh5 8. d3 Nge7 9. Nbd2 0-0 10. g4 Bg6 11. Kg2 f6 12. Bb3+ Bf7 13. Re1 d5 14. Qe2 Qd7 15. Nf1 Rad8 16. Ng3 Ng6 17. Be3 d4 18. Bxf7+ Rxf7 19. cxd4 Nxd4 20. Nxd4 Bxd4 21. Rad1 Qb5 22. Nf5 Bxe3 23. fxe3 Rfd7 24. d4 Qxe2+ 25. Rxe2 exd4 26. Rxd4 Rxd4 27. Nxd4 Kf7 28. Rc2 c6 29. Rc3 Ne5 30. Kg3 Rd7 31. a4 a5 32. Kf2 c5 33. Nf5 b6 34. Ke2 g6 35. Ng3 Ke6 36. Rb3 Nc4 37. Ke1 Rd6 38. Rb5 Nxe3 39. Kf2 Nc2 40. Rb3 Nb4 41. Ke2 Ke5 42. Nf1 Kxe4 43. Rf3 Ke5 44. Ne3 Rd4 45. b3 Ke6 46. Nc4 Nd5 47. Kf2 f5 48. gxf5+ gxf5 49. Rg3 f4 50. Rg8 Rd3 51. Re8+ Kf7 52. Rd8 Ke7 53. Rd6 Nb4 54. Rxb6 Rxb3 55. Rh6 Rc3 56. Nxa5 Ra3 57. Nc4 Rxa4 58. Rxh7+ Ke6 59. Nd2 Ra2 60. Ke2 Nd5 61. Kd3 Ra3+ 62. Kc4 Rc3+ 63. Kb5 Rd3 64. Nc4 f3 65. Rh8 Rd1 66. Re8+ Kf7 67. Re5 Nf6 68. Rf5 Rd3 69. Ne5+ Ke6 70. Rxf3 Rxf3 71. Nxf3 Kf5 72. Kxc5 Kf4 73. Nd4 Kg3 74. Kd6 Kxh3 1/2-1/2